000 00420nam a22001697a 4500
003 OSt
005 20210915092003.0
008 210915b |||||||| |||| 00| 0 eng d
020 _a3-527-26039-0
040 _cHU
082 _a631.381/CHR
100 _aChrambach
_qAndreas Chrambach
_93741
245 _aAdvanced Methods in the Biological Sciences
260 _aUSA
_bVCH
_c1985
300 _a265
942 _2ddc
_cBOOKS
_n0
999 _c3959
_d3959